Regular Show-Every Character - Statistics

General Stats
  • This quiz has been taken 262 times
    257 since last reset
  • The average score is 26 of 156
Answer Stats
Hint Answer % Correct
Park Workers Mordecai
99%
Former Park Workers Rigby
99%
Family Benson
98%
Love Interests Muscleman
98%
Pops
97%
Skips
97%
Villians Hi-Five Ghost
93%
Thomas
78%
Margaret Smith
70%
Cloudy Jay
68%
Mr Maellard
68%
Eileen Roberts
66%
Starla
64%
Don
58%
Quips
51%
Muscledad
46%
God of Basketball
45%
Celia
41%
Doug Shawblowski
41%
Audrey
38%
Santa
35%
Party Horse 42699
33%
Death
32%
Mona
32%
Susan
32%
Baby Ducks
31%
Pam
31%
Low-Five Ghost
30%
Garrett Bobby Ferguson
27%
Party Pete
26%
Techmo
26%
Peeps
24%
Guardians of Eternal Youth
23%
Death Bear
22%
Chad
21%
Garrett Bobby Ferguson Jr.
21%
Jeremy
21%
Sensai
21%
John Smith
20%
Fist Pump
19%
Carl Putter
18%
Coffee Bean
18%
Hot Dogs
18%
Master Prank Caller
18%
Percy
17%
Frank Smith
16%
Gary
16%
God of Street Performing
16%
Klorgbane
16%
Leon
16%
Uncle Steve
16%
Unicorns
16%
Geese
15%
Ace Balthazar
14%
The Hammer
14%
RG-B2
13%
8-Track
12%
Donny G.
12%
Huge Head
12%
Jan the Wallpaper Man
12%
Destroyer of Worlds
11%
Guardian of the Friend Zone
11%
Happy Birthday
11%
Reel-to-Reel
11%
The Wickets
11%
Hector
10%
Johnny Allenwrench
10%
John Sorrenstein
10%
Natalie
10%
The Limosaurus
10%
Denise Smith
9%
Hair to the Throne
9%
Roxy
9%
Betamax
8%
Chance Sureshot
8%
Gregg
8%
Guardian of Secrets
8%
Herb
8%
Park Avenue
8%
Rose
8%
Snowballs the Ice Monster
8%
Were-Skunk
8%
Capicola Gang
7%
Spacey McSpaceTree
7%
Angel
6%
Dr Henry
6%
Floppy Disk Drive
6%
Mr Bossman
6%
No Rules Man
6%
The Urge
6%
Chuck
5%
Colonel Rawls
5%
Diane
5%
Laser Disc Guardian
5%
Promise Pie
5%
Summertime Song
5%
Bruce Rock
4%
Buttonwillow McButtonWillow
4%
Cash Bankis
4%
Chong
4%
Drumatron VI
4%
Jebediah Townhouse
4%
Manslaughter
4%
Quillgin
4%
Racki the Wishmaker
4%
Shannon Acidbutt
4%
Toothpick Sally
4%
Warden of the Internet
4%
Ybgir
4%
Angus
3%
Blitz Comet
3%
Bobby
3%
Cat Masterson
2%
Crystal
2%
Doom Ma Geddon
2%
Frank Jones
2%
Hans
2%
Joanne Hanatronic
2%
John Wolfhard
2%
Lars
2%
Night Owl
2%
Recap Robot
2%
Scottie
2%
Skullpunch
2%
Alpha-Dog
1%
Bloodshed
1%
Bring 'em Back Jack
1%
Broseph Chillaxton
1%
Carl
1%
Carlocks
1%
Carlton Tanner
1%
Crash
1%
Four-Armageddon
1%
Hissy Fit
1%
Huggstables
1%
Ladonna
1%
Phone Guardians
1%
Reaperbots
1%
Stag Man
1%
VC Arbitrator
1%
Demel-Ishun
0%
Doug MacFarland
0%
Duck Collector
0%
Fire Marshall
0%
Francois
0%
Glomb
0%
Hawk Daniels
0%
Howard Fightington
0%
Iacdrom
0%
Keith
0%
Lemon Chef
0%
LP
0%
Matchmaker McIntryre
0%
Slater
0%
SP
0%
V-Tron
0%
No matching quizzes found
Score Distribution
Percent of People with Each Score
Percentile by Number Answered
Your Score History
You have not taken this quiz since the last reset